[Event "Regionalliga Sued-West 1718"]
[Site "Bayern"]
[Date "2018.03.18"]
[Round "8.5"]
[White "Wimmer, Martin1111"]
[Black "Groenegress, Wilfried"]
[Result "1-0"]
[WhiteElo "2039"]
[BlackElo "1996"]
[PlyCount "35"]
[EventDate "2017.10.22"]
[EventType "team-tourn"]
[EventRounds "9"]
[EventCountry "GER"]
[SourceTitle "EXT 2022"]
[Source "ChessBase"]
[SourceDate "2021.10.06"]
[SourceVersion "1"]
[SourceVersionDate "2021.10.06"]
[SourceQuality "1"]
[WhiteTeam "Garching III"]
[BlackTeam "Tuerkheim/Bad Woerishofen"]
[WhiteTeamCountry "GER"]
[BlackTeamCountry "GER"]

1. e4 c5 2. Nf3 Nc6 3. Nc3 e5 4. Bc4 d6 5. d3 Be7 6. h4 Nf6 7. Ng5 0-0 8. Nd5 Ng4 9. f3 Nf6 10. Nxf6+ Bxf6 11. f4 g6 12. f5 Kg7 13. Be3 Qe7 14. Qg4 Bxg5 15. hxg5 gxf5 16. Qh5 Rh8 17. Qh6+ Kg8 18. g6 1-0

[Event "Regionalliga SW 1617"]
[Site "Bayern"]
[Date "2017.02.05"]
[Round "5.5"]
[White "Groenegress, Wilfried"]
[Black "Komarov, Jan"]
[Result "1/2-1/2"]
[WhiteElo "2038"]
[BlackElo "1729"]
[PlyCount "40"]
[EventDate "2016.10.16"]
[EventType "team-tourn"]
[EventRounds "9"]
[EventCountry "GER"]
[SourceTitle "EXT 2019"]
[Source "ChessBase"]
[SourceDate "2018.10.10"]
[SourceVersion "1"]
[SourceVersionDate "2018.10.10"]
[SourceQuality "1"]
[WhiteTeam "Tuerkheim/Bad Woerishofen"]
[BlackTeam "Muenchen Suedost II"]
[WhiteTeamCountry "GER"]
[BlackTeamCountry "GER"]

1. e4 c5 2. Nc3 e6 3. g3 d5 4. exd5 exd5 5. Bg2 d4 6. Ne4 Be7 7. d3 Nf6 8. Ne2 0-0 9. 0-0 Nc6 10. Nxf6+ Bxf6 11. Nf4 g6 12. Re1 Bg7 13. Bd2 Bd7 14. h3 Re8 15. Rxe8+ Bxe8 16. Qe2 Qe7 17. Qxe7 Nxe7 18. Nd5 Nxd5 19. Bxd5 Bd7 20. Kg2 Be6 1/2-1/2

[Event "Regionalliga SW 1516"]
[Site "Bayern"]
[Date "2016.04.10"]
[Round "9.4"]
[White "Tasdelen, Deniz Murat"]
[Black "Groenegress, Wilfried"]
[Result "1/2-1/2"]
[WhiteElo "2102"]
[BlackElo "2039"]
[PlyCount "25"]
[EventDate "2015.10.11"]
[EventType "team-tourn"]
[EventRounds "9"]
[EventCountry "GER"]
[SourceTitle "EXT 2018"]
[Source "ChessBase"]
[SourceDate "2017.10.13"]
[SourceVersion "1"]
[SourceVersionDate "2017.10.13"]
[SourceQuality "1"]
[WhiteTeam "MSA Zugzwang II"]
[BlackTeam "Tuerkheim/Bad Woerishofen"]
[WhiteTeamCountry "GER"]
[BlackTeamCountry "GER"]

1. d4 Nf6 2. c4 e6 3. Nc3 d5 4. cxd5 exd5 5. Bg5 Be7 6. e3 c6 7. Bd3 h6 8. Bh4 Ne4 9. Bxe7 Qxe7 10. Bxe4 dxe4 11. Qc2 f5 12. Nge2 Na6 13. a3 1/2-1/2

[Event "Regionalliga SW 1415"]
[Site "Bayern"]
[Date "2015.03.15"]
[Round "8.5"]
[White "Groenegress, Wilfried"]
[Black "Joerg, Harald"]
[Result "1/2-1/2"]
[WhiteElo "2039"]
[BlackElo "2076"]
[PlyCount "36"]
[EventDate "2014.10.19"]
[EventType "team-tourn"]
[EventRounds "9"]
[EventCountry "GER"]
[SourceTitle "EXT 2018"]
[Source "ChessBase"]
[SourceDate "2017.10.13"]
[SourceVersion "1"]
[SourceVersionDate "2017.10.13"]
[SourceQuality "1"]
[WhiteTeam "Tuerkheim/Bad Woerishofen"]
[BlackTeam "Muenchen Siemens"]
[WhiteTeamCountry "GER"]
[BlackTeamCountry "GER"]

1. e4 e5 2. Nf3 Nc6 3. Bc4 Nf6 4. d3 Bc5 5. 0-0 0-0 6. h3 Re8 7. c3 a6 8. Bb3 Ba7 9. Re1 d5 10. exd5 Nxd5 11. d4 e4 12. Ng5 Bf5 13. Nxf7 Kxf7 14. Qh5+ Ke6 15. Nd2 g6 16. Qxh7 Rh8 17. Qg7 Rg8 18. Qh7 Rh8 1/2-1/2

[Event "Regionalliga SW 1415"]
[Site "Bayern"]
[Date "2015.02.22"]
[Round "7.3"]
[White "Safyanovsky, Mark"]
[Black "Groenegress, Wilfried"]
[Result "1-0"]
[WhiteElo "2156"]
[BlackElo "2039"]
[PlyCount "97"]
[EventDate "2014.10.19"]
[EventType "team-tourn"]
[EventRounds "9"]
[EventCountry "GER"]
[SourceTitle "EXT 2018"]
[Source "ChessBase"]
[SourceDate "2017.10.13"]
[SourceVersion "1"]
[SourceVersionDate "2017.10.13"]
[SourceQuality "1"]
[WhiteTeam "Haunstetten"]
[BlackTeam "Tuerkheim/Bad Woerishofen"]
[WhiteTeamCountry "GER"]
[BlackTeamCountry "GER"]

1. Nf3 d5 2. c4 e6 3. g3 c6 4. b3 f5 5. Bb2 Nf6 6. Bg2 Bd6 7. 0-0 0-0 8. d3 Qe8 9. Nc3 f4 10. e3 fxe3 11. fxe3 e5 12. cxd5 cxd5 13. Ng5 Be6 14. Nxe6 Qxe6 15. Qf3 Ne4 16. Qh5 Rxf1+ 17. Rxf1 Nxc3 18. Bxc3 Nc6 19. Bh3 Qe8 20. Qf3 e4 21. Qf5 Be5 22. d4 Bf6 23. Qxd5+ Kh8 24. Bg2 Rd8 25. Qxe4 Qxe4 26. Bxe4 Bg5 27. Rf3 Re8 28. Kf2 Bf6 29. Bxc6 bxc6 30. Bb4 h6 31. Bc5 a6 32. Ke2 Kg8 33. Kd3 Kf7 34. e4 Ke6 35. e5 Be7 36. Kc4 Rd8 37. Bxe7 Kxe7 38. b4 a5 39. bxa5 Ra8 40. Ra3 Ra6 41. d5 cxd5+ 42. Kxd5 Kd7 43. Kc5 Kc7 44. Kb5 Re6 45. Re3 Kb7 46. g4 h5 47. gxh5 Rh6 48. e6 Rxh5+ 49. Kc4 1-0

[Event "Langenwang op"]
[Site "Langenwang"]
[Date "2014.01.15"]
[Round "6"]
[White "Groenegress, Wilfried"]
[Black "Diller, Peter"]
[Result "1/2-1/2"]
[WhiteElo "2134"]
[BlackElo "1987"]
[PlyCount "50"]
[EventDate "2014.01.10"]
[EventType "swiss"]
[EventRounds "9"]
[EventCountry "GER"]
[SourceTitle "EXT 2015"]
[Source "ChessBase"]
[SourceDate "2014.11.20"]
[SourceVersion "1"]
[SourceVersionDate "2014.11.20"]
[SourceQuality "1"]

1. e4 e6 2. d4 d5 3. Nc3 c5 4. exd5 exd5 5. Nf3 Nf6 6. Bb5+ Nc6 7. 0-0 Be7 8. dxc5 0-0 9. Bg5 Be6 10. Bxc6 bxc6 11. Qd4 h6 12. Bh4 Bf5 13. Rac1 g5 14. Bg3 Nd7 15. Na4 Qa5 16. b3 Rfe8 17. Bd6 Bxd6 18. cxd6 Re6 19. Qc3 Qxc3 20. Nxc3 Rxd6 21. Nd4 Bg6 22. Rfe1 a6 23. b4 Rc8 24. Na4 f6 25. Nc5 Ne5 1/2-1/2

[Event "Regionalliga SW 1213"]
[Site "Bayern"]
[Date "2012.11.11"]
[Round "2.5"]
[White "Bohnhoff, Peter"]
[Black "Groenegress, Wilfried"]
[Result "1/2-1/2"]
[WhiteElo "1979"]
[BlackElo "1996"]
[PlyCount "130"]
[EventDate "2012.10.14"]
[EventType "team-tourn"]
[EventRounds "9"]
[EventCountry "GER"]
[SourceTitle "EXT 2015"]
[Source "ChessBase"]
[SourceDate "2014.11.20"]
[SourceVersion "1"]
[SourceVersionDate "2014.11.20"]
[SourceQuality "1"]
[WhiteTeam "Muenchen RTA"]
[BlackTeam "Tuerkheim/Bad Woerishofen"]
[WhiteTeamCountry "GER"]
[BlackTeamCountry "GER"]

1. d4 d5 2. Nf3 c6 3. e3 Bf5 4. c4 e6 5. Nc3 Nd7 6. Qb3 Qb6 7. Be2 Ngf6 8. 0-0 Be7 9. Qd1 0-0 10. Nh4 Bg6 11. Nxg6 hxg6 12. c5 Qc7 13. Bd2 b6 14. b4 bxc5 15. bxc5 Ne4 16. Nxe4 dxe4 17. Qc2 Nf6 18. Rab1 Rab8 19. Rxb8 Rxb8 20. Rb1 Rb7 21. Ba6 Rxb1+ 22. Qxb1 Bd8 23. Qb7 Nd7 24. Qb1 Nf6 25. Qb7 Nd7 26. Qb3 Nf6 27. Be1 Ng4 28. g3 Nf6 29. Qb7 Nd7 30. Qxc7 Bxc7 31. Kg2 Kf8 32. f3 exf3+ 33. Kxf3 Ke8 34. h3 Nf6 35. g4 Kd7 36. Bc4 Nd5 37. Bd2 Ne7 38. e4 Bb8 39. Bf4 Bxf4 40. Kxf4 f6 41. h4 g5+ 42. hxg5 Ng6+ 43. Ke3 fxg5 44. Kd2 Nf4 45. Kc3 Kc7 46. Kb4 Kc8 47. Ka5 Kb7 48. Bb3 Kb8 49. Ka6 Ne2 50. d5 cxd5 51. exd5 exd5 52. Bxd5 Nc3 53. Be6 Ne4 54. Kb5 Kc7 55. Kc4 Nf6 56. Kd4 Kc6 57. Kc4 Kc7 58. Kb5 Ne4 59. a3 Nf6 60. Ka6 Kc6 61. Kxa7 Kxc5 62. Ka6 Kd6 63. Bf5 g6 64. Bxg6 Nxg4 65. Kb5 Ne5 1/2-1/2

[Event "Regionalliga SW 1112"]
[Site "Bayern"]
[Date "2012.01.15"]
[Round "5.4"]
[White "Groenegress, Wilfried"]
[Black "Sajka, Mariusz"]
[Result "1/2-1/2"]
[WhiteElo "1980"]
[BlackElo "2126"]
[PlyCount "79"]
[EventDate "2011.10.02"]
[EventType "team-tourn"]
[EventRounds "9"]
[EventCountry "GER"]
[SourceTitle "EXT 2013"]
[Source "ChessBase"]
[SourceDate "2012.11.22"]
[SourceVersion "1"]
[SourceVersionDate "2012.11.22"]
[SourceQuality "1"]
[WhiteTeam "Tuerkheim/Bad Woerishofen"]
[BlackTeam "Garching II"]
[WhiteTeamCountry "GER"]
[BlackTeamCountry "GER"]

1. e4 c5 2. Nc3 a6 3. f4 b5 4. g3 Bb7 5. Bg2 e6 6. d3 d5 7. Qe2 Nc6 8. Nf3 Be7 9. 0-0 dxe4 10. Nxe4 Nf6 11. f5 Nxe4 12. dxe4 exf5 13. exf5 0-0 14. c3 Re8 15. Qc2 Bf6 16. Bf4 Na5 17. Rfe1 Nc4 18. Rxe8+ Qxe8 19. Re1 Qf8 20. Nd2 Bxg2 21. Kxg2 Nxd2 22. Qxd2 Re8 23. Rxe8 Qxe8 24. Qe3 Qc8 25. Qe4 h6 26. Kf3 Qd8 27. Ke2 c4 28. Be3 Qc8 29. a3 a5 30. g4 b4 31. axb4 axb4 32. Bd2 b3 33. Be3 Qc7 34. Bf4 Qc8 35. h3 Kh7 36. Bd2 Qa6 37. Qd5 Kg8 38. Qe4 Kh7 39. Qd5 Kg8 40. Qe4 1/2-1/2

[Event "Regionalliga SW 1112"]
[Site "Bayern"]
[Date "2011.11.20"]
[Round "3.4"]
[White "Groenegress, Wilfried"]
[Black "Bohnhoff, Peter"]
[Result "1-0"]
[WhiteElo "1980"]
[BlackElo "1927"]
[PlyCount "63"]
[EventDate "2011.10.02"]
[EventType "team-tourn"]
[EventRounds "9"]
[EventCountry "GER"]
[SourceTitle "EXT 2013"]
[Source "ChessBase"]
[SourceDate "2012.11.22"]
[SourceVersion "1"]
[SourceVersionDate "2012.11.22"]
[SourceQuality "1"]
[WhiteTeam "Tuerkheim/Bad Woerishofen"]
[BlackTeam "Muenchen RTA"]
[WhiteTeamCountry "GER"]
[BlackTeamCountry "GER"]

1. e4 e5 2. Nf3 Nc6 3. Bb5 a6 4. Ba4 Nf6 5. d3 b5 6. Bb3 Bc5 7. 0-0 d6 8. a3 0-0 9. Re1 Bg4 10. c3 h6 11. h3 Bd7 12. Nbd2 Ba7 13. Nf1 Ne7 14. Ng3 Qc8 15. d4 Ng6 16. Be3 c5 17. Qd2 c4 18. Bc2 Qc7 19. Rad1 Kh7 20. Nf5 Rad8 21. Bxh6 Bxf5 22. exf5 gxh6 23. fxg6+ fxg6 24. Nh4 Rg8 25. Nxg6 e4 26. Nf4 Qg7 27. Bxe4+ Nxe4 28. Rxe4 d5 29. Re3 Bb8 30. Rg3 Qe7 31. Re1 Qh4 32. Qc2+ 1-0

[Event "Bad Woerishofen Nestors op 27th"]
[Site "Bad Woerishofen"]
[Date "2011.03.27"]
[Round "5"]
[White "Meinhardt, Guenther"]
[Black "Groenegress, Wilfried"]
[Result "0-1"]
[WhiteElo "1880"]
[BlackElo "2150"]
[PlyCount "52"]
[EventDate "2011.03.24"]
[EventType "swiss"]
[EventRounds "9"]
[EventCountry "GER"]
[SourceTitle "EXT 2012"]
[Source "ChessBase"]
[SourceDate "2011.11.24"]
[SourceVersion "1"]
[SourceVersionDate "2011.11.24"]
[SourceQuality "1"]

1. d4 Nf6 2. Nf3 e6 3. c4 Bb4+ 4. Bd2 Qe7 5. a3 Bxd2+ 6. Nbxd2 d6 7. g3 e5 8. Qa4+ c6 9. dxe5 dxe5 10. Bg2 e4 11. Nd4 e3 12. fxe3 Qxe3 13. Nc2 Qe7 14. e4 Nbd7 15. Ne3 Ne5 16. Qc2 0-0 17. c5 Nfg4 18. Nxg4 Bxg4 19. 0-0 Rad8 20. Rf4 Rd7 21. Nf1 Rfd8 22. h3 Be6 23. b4 Rd3 24. Qe2 Qd7 25. Qh5 Qd4+ 26. Kh2 Qxa1 0-1

[Event "Bayern-ch Seniors 21st"]
[Site "Bergen"]
[Date "2009.06.24"]
[Round "5"]
[White "Pidtoptanyy, Igor"]
[Black "Groenegress, Wilfried"]
[Result "1/2-1/2"]
[WhiteElo "1914"]
[BlackElo "2027"]
[PlyCount "32"]
[EventDate "2009.06.20"]
[EventType "swiss"]
[EventRounds "9"]
[EventCountry "GER"]
[SourceTitle "EXT 2015"]
[Source "ChessBase"]
[SourceDate "2014.11.20"]
[SourceVersion "1"]
[SourceVersionDate "2014.11.20"]
[SourceQuality "1"]

1. e4 c5 2. c3 Nf6 3. e5 Nd5 4. d4 cxd4 5. Nf3 d6 6. Bb5+ Bd7 7. Bxd7+ Nxd7 8. Qxd4 e6 9. exd6 Qb6 10. Nbd2 Qxd4 11. Nxd4 Bxd6 12. Nb5 Bb8 13. Ne4 0-0 14. 0-0 a6 15. Nd4 Rc8 16. Rd1 Be5 1/2-1/2

[Event "Bad Woerishofen op 25th"]
[Site "Bad Woerishofen"]
[Date "2009.03.11"]
[Round "7"]
[White "Zunker, Reinhard"]
[Black "Groenegress, Wilfried"]
[Result "1/2-1/2"]
[WhiteElo "2194"]
[BlackElo "2178"]
[PlyCount "36"]
[EventDate "2009.03.05"]
[EventType "swiss"]
[EventRounds "9"]
[EventCountry "GER"]
[SourceTitle "CBM 129 Extra"]
[Source "ChessBase"]
[SourceDate "2009.05.05"]
[SourceVersion "2"]
[SourceVersionDate "2009.05.20"]
[SourceQuality "1"]

1. e4 c6 2. d4 d5 3. Nc3 dxe4 4. Nxe4 Bf5 5. Ng3 Bg6 6. Nf3 Nd7 7. h4 h6 8. h5 Bh7 9. Bd3 Bxd3 10. Qxd3 e6 11. Bf4 Qa5+ 12. Bd2 Qc7 13. 0-0-0 Ngf6 14. Ne4 Nxe4 15. Qxe4 Nf6 16. Qe2 0-0-0 17. c4 c5 18. Bc3 Qf4+ 1/2-1/2

[Event "Bayern-chB 77th"]
[Site "Bad Woerishofen"]
[Date "2006.09.01"]
[Round "8"]
[White "Groenegress, Wilfried"]
[Black "Santl, Anton"]
[Result "1-0"]
[WhiteElo "2074"]
[BlackElo "1992"]
[PlyCount "47"]
[EventDate "2006.08.26"]
[EventType "swiss"]
[EventRounds "9"]
[EventCountry "GER"]
[SourceTitle "EXT 2015"]
[Source "ChessBase"]
[SourceDate "2014.11.20"]
[SourceVersion "1"]
[SourceVersionDate "2014.11.20"]
[SourceQuality "1"]

1. e4 c5 2. Nc3 Nc6 3. Bb5 Nd4 4. Bc4 d6 5. Nge2 Nf6 6. d3 Nxe2 7. Qxe2 e6 8. f4 Be7 9. e5 dxe5 10. fxe5 Nd5 11. Qg4 g6 12. 0-0 f5 13. exf6 Nxf6 14. Qe2 Qd4+ 15. Kh1 Qg4 16. Rf3 0-0 17. Bd2 Kg7 18. Re1 Bd7 19. Bxe6 Bxe6 20. Qxe6 Qxe6 21. Rxe6 Kf7 22. Re1 Bd8 23. Ne4 b6 24. Bh6 1-0

[Event "Bayern-chB 77th"]
[Site "Bad Woerishofen"]
[Date "2006.08.30"]
[Round "6"]
[White "Groenegress, Wilfried"]
[Black "Umansky, Mikhail"]
[Result "0-1"]
[WhiteElo "2074"]
[BlackElo "2443"]
[PlyCount "76"]
[EventDate "2006.08.26"]
[EventType "swiss"]
[EventRounds "9"]
[EventCountry "GER"]
[SourceTitle "EXT 2015"]
[Source "ChessBase"]
[SourceDate "2014.11.20"]
[SourceVersion "1"]
[SourceVersionDate "2014.11.20"]
[SourceQuality "1"]

1. e4 g6 2. d4 Bg7 3. c3 d5 4. e5 c5 5. Nf3 Nc6 6. Bd3 Bg4 7. Be3 Qb6 8. Qb3 c4 9. Qxb6 axb6 10. Bc2 b5 11. Nbd2 b4 12. 0-0 Nh6 13. h3 Bd7 14. a3 bxc3 15. bxc3 0-0 16. Nh4 Ra7 17. Ra2 Rfa8 18. Nb1 Nf5 19. Nxf5 Bxf5 20. Bxf5 gxf5 21. g4 fxg4 22. hxg4 e6 23. f4 Bf8 24. Bc1 b5 25. Rg2 Bxa3 26. Bxa3 Rxa3 27. Nxa3 Rxa3 28. f5 Rxc3 29. Ra1 Kg7 30. Ra8 Nxd4 31. f6+ Kh6 32. Rg8 Nf3+ 33. Kf2 Nh4 34. Rh2 Rc2+ 35. Kg3 Rxh2 36. Kxh2 c3 37. Kg3 Ng6 38. Ra8 Nxe5 0-1

[Event "Bayern-chB 77th"]
[Site "Bad Woerishofen"]
[Date "2006.08.27"]
[Round "2"]
[White "Ebenhoech, Daniel"]
[Black "Groenegress, Wilfried"]
[Result "0-1"]
[WhiteElo "1989"]
[BlackElo "2074"]
[PlyCount "82"]
[EventDate "2006.08.26"]
[EventType "swiss"]
[EventRounds "9"]
[EventCountry "GER"]
[SourceTitle "EXT 2015"]
[Source "ChessBase"]
[SourceDate "2014.11.20"]
[SourceVersion "1"]
[SourceVersionDate "2014.11.20"]
[SourceQuality "1"]

1. Nf3 d5 2. c4 c6 3. g3 Nf6 4. Bg2 Bf5 5. Qb3 Qc8 6. d3 e6 7. Bf4 Nbd7 8. Nc3 Nc5 9. Qd1 dxc4 10. d4 Nce4 11. Ne5 Bb4 12. Rc1 0-0 13. f3 Nxc3 14. bxc3 Ba3 15. e4 Bxc1 16. Bxc1 Bg6 17. Ba3 Rd8 18. Nxc4 c5 19. Qd3 cxd4 20. cxd4 Qd7 21. Bb2 Qb5 22. Qb3 Qxb3 23. axb3 b5 24. Ne3 a5 25. Bf1 a4 26. b4 a3 27. Ba1 Ra4 28. Bxb5 Rxb4 29. Bd3 Nd5 30. Nc4 Nb6 31. Ne3 Rc8 32. Kd2 Na4 33. h4 f6 34. d5 Bf7 35. Nc2 Rb3 36. Nd4 Rb6 37. Bb5 Nb2 38. dxe6 Bxe6 39. Be2 Rd6 40. Ke3 Rc3+ 41. Kd2 Rb3 0-1

[Event "GER-ch Seniors-A 17th"]
[Site "Essen"]
[Date "2005.08.28"]
[Round "9"]
[White "Gierse, Heinz Dieter"]
[Black "Groenegress, Wilfried"]
[Result "1/2-1/2"]
[WhiteElo "1925"]
[BlackElo "2204"]
[PlyCount "37"]
[EventDate "2005.08.20"]
[EventType "swiss"]
[EventRounds "9"]
[EventCountry "GER"]
[SourceTitle "CBM 108 Extra"]
[Source "ChessBase"]
[SourceDate "2005.11.04"]
[SourceVersion "1"]
[SourceVersionDate "2005.11.04"]
[SourceQuality "1"]

1. Nf3 g6 2. g3 Bg7 3. Bg2 e5 4. d3 d5 5. Nbd2 Nc6 6. 0-0 Nge7 7. e4 0-0 8. b3 dxe4 9. dxe4 h6 10. Ba3 Be6 11. Qe2 Qc8 12. Rad1 Bg4 13. c3 Qe6 14. Qc4 Rfd8 15. Rfe1 Rd7 16. Bf1 Rad8 17. Qxe6 Bxe6 18. Be2 Bf8 19. Nf1 1/2-1/2